| 000 | 00541nam a2200157Ia 4500 | ||
|---|---|---|---|
| 008 | 170221s9999 xx 000 0 und d | ||
| 100 | _aZheng-Yun Zhuang. | ||
| 245 | _aCall-Distribution-Based View: The Theoretical Ground for Strategic Routing Management | ||
| 245 | _cZheng-Yun Zhuang, M. Awais Gulzar, and Shu-Chin Chang | ||
| 260 | _bJournal of Communications | ||
| 260 | _c2014 | ||
| 300 | _a34 : 5 | ||
| 650 | _xCommunication | ||
| 650 | _xMedia Arts | ||
| 856 | _uhttp://www.jocm.us/index.php?m=content&c=index&a=lists&catid=147 | ||
| 999 |
_c310786 _d310786 |
||